[Event "SR 3. liga A2 2004/2005"]
[Site "?"]
[Date "2005.??.??"]
[Round "?"]
[White "Hrubsa, Vladimir"]
[Black "Puskas, Miroslav"]
[Result "1-0"]
[WhiteElo "1990"]
[BlackElo "2070"]
[Annotator "Trnava B - Skalica"]
[PlyCount "109"]
[EventDate "2004.??.??"]

1. e4 c5 2. b3 d6 3. Bb2 Nc6 4. Bb5 Bd7 5. Ne2 Nf6 6. d3 e5 7. O-O Be7 8. Nbc3
a6 9. Bxc6 bxc6 10. Ng3 d5 11. Nh5 d4 12. Na4 O-O 13. Nxf6+ gxf6 14. Qh5 Kh8
15. f4 Rg8 16. f5 Rg5 17. Qe2 Qg8 18. Rf3 Qg7 19. Bc1 Rg4 20. Rh3 Rg8 21. g3
Qf8 22. Ba3 c4 23. Bxe7 Qxe7 24. dxc4 R8g5 25. c5 Rxe4 26. Qxe4 Bxf5 27. Qxc6
Bxh3 28. Re1 Bd7 29. Qd6 Qxd6 30. cxd6 Rg8 31. Nc5 Rd8 32. Nxa6 Bc8 33. Nc5
Rxd6 34. Kf2 Bf5 35. Re2 Kg7 36. a4 Rb6 37. Rd2 Bc8 38. Kf3 f5 39. Re2 f6 40.
Kf2 e4 41. Re1 Kg6 42. Rb1 h5 43. b4 Rc6 44. Rb2 Kg5 45. a5 h4 46. Ra2 Kg4 47.
gxh4 e3+ 48. Kg2 f4 49. h3+ Kxh4 50. Kf3 Kxh3 51. a6 Bxa6 52. Rxa6 Rxa6 53.
Nxa6 e2 54. Kf2 f3 55. Nc5 1-0

[Event "SR 3. liga A2 2004/2005"]
[Site "?"]
[Date "2005.??.??"]
[Round "?"]
[White "Mosny, Jaroslav"]
[Black "Londin, Martin"]
[Result "0-1"]
[WhiteElo "2040"]
[BlackElo "1925"]
[Annotator "Trnava B - Skalica"]
[PlyCount "68"]
[EventDate "2004.??.??"]

1. d4 d5 2. Nf3 Nf6 3. g3 e6 4. Bg2 c5 5. O-O Nc6 6. e3 b5 7. c3 Bb7 8. Nbd2 c4
9. Re1 g6 10. e4 Bh6 11. exd5 Nxd5 12. Ne4 Bxc1 13. Qxc1 h6 14. Ne5 Rb8 15. a4
a6 16. axb5 axb5 17. Nc5 Nxe5 18. Rxe5 Bc6 19. Ra7 Ra8 20. Nxe6 fxe6 21. Rxe6+
Kf8 22. Rxa8 Bxa8 23. Rxg6 Kf7 24. Rxh6 Nf6 25. Bxa8 Rxh6 26. Qxh6 Qxa8 27. Qg5
Qa1+ 28. Kg2 Qxb2 29. d5 Qxc3 30. h4 Qd4 31. h5 Qxd5+ 32. Qxd5+ Nxd5 33. Kf3 b4
34. Ke2 Nf6 0-1

[Event "SR 3. liga A2 2004/2005"]
[Site "?"]
[Date "2005.??.??"]
[Round "?"]
[White "Vepy, Ivan"]
[Black "Bukovsky, Milan"]
[Result "1-0"]
[WhiteElo "1890"]
[BlackElo "2045"]
[Annotator "Trnava B - Skalica"]
[PlyCount "67"]
[EventDate "2004.??.??"]

1. e4 e5 2. Nf3 Nc6 3. Bc4 Nf6 4. O-O Nxe4 5. Bd5 Nf6 6. Bxc6 bxc6 7. Nxe5 Be7
8. d4 O-O 9. Nc3 Bb7 10. Re1 d6 11. Ng4 Qd7 12. Rxe7 Qxe7 13. Bg5 Bc8 14. Nxf6+
gxf6 15. Bh6 Re8 16. h3 d5 17. Qf3 Kh8 18. Ne2 f5 19. Nf4 Rg8 20. Qh5 Bd7 21.
Rd1 Rab8 22. b3 Rbe8 23. Rd3 Qd6 24. Re3 Re4 25. Rxe4 fxe4 26. Qh4 Bf5 27. Bg5
Rxg5 28. Qxg5 Bg6 29. h4 Qd7 30. h5 Bf5 31. Qf6+ Kg8 32. h6 Kf8 33. g4 Bxg4 34.
Ng6+ {cierny padol cas} 1-0

[Event "SR 3. liga A2 2004/2005"]
[Site "?"]
[Date "2005.??.??"]
[Round "?"]
[White "Vyboch, Jozef"]
[Black "Hrubsa, Marian"]
[Result "1-0"]
[WhiteElo "1980"]
[BlackElo "1775"]
[Annotator "Trnava B - Skalica"]
[PlyCount "68"]
[EventDate "2004.??.??"]

1. e4 e6 2. d4 d5 3. Nd2 Nf6 4. e5 Nfd7 5. Bd3 c5 6. c3 cxd4 7. cxd4 Nc6 8.
Ngf3 Qb6 9. Nb3 a5 10. O-O a4 11. Nbd2 Nxd4 12. Nxd4 Qxd4 13. Nf3 Qa7 14. Bg5
Bc5 $11 15. Qc2 h6 16. Bf4 b6 17. b4 Bxb4 18. Nd4 Bc5 19. Nb5 Qb8 20. Qe2 Ba6
$11 21. Qg4 g5 22. Bg3 Bxb5 23. Bxb5 a3 24. Rfd1 Qb7 25. Qh5 Ra5 26. Rab1 Qc7
27. Rd3 Be7 28. h4 Qc2 29. Rdb3 Qxa2 30. Qd1 gxh4 31. Ra1 Qxa1 32. Qxa1 hxg3
33. fxg3 Bc5+ 34. Kh2 Rf8 {nejasne zaverecne dva tahy} 1-0

[Event "SR 3. liga A2 2004/2005"]
[Site "?"]
[Date "2005.??.??"]
[Round "?"]
[White "Pagac, Robert"]
[Black "Bahna, Jan"]
[Result "1-0"]
[WhiteElo "1800"]
[BlackElo "2005"]
[Annotator "Trnava B - Skalica"]
[PlyCount "43"]
[EventDate "2004.??.??"]

1. e4 e5 2. Nf3 Nc6 3. Bc4 Be7 4. d3 d6 5. h3 Na5 6. Bb3 Nxb3 7. cxb3 Nf6 8.
Nc3 O-O 9. Bg5 c6 10. O-O h6 11. Bd2 Re8 12. d4 Bf8 13. dxe5 dxe5 14. Re1 b6
15. Qc2 Bb7 16. Ne2 c5 17. Ng3 g6 18. Bc3 Bd6 19. Bd2 Kh7 20. Qc1 Bf8 21. Qc4
Qe7 22. Nxe5 1-0

[Event "SR 3. liga A2 2004/2005"]
[Site "?"]
[Date "2005.??.??"]
[Round "?"]
[White "Meszaros, Lorant"]
[Black "Sekera, Branislav"]
[Result "1-0"]
[WhiteElo "2080"]
[BlackElo "2120"]
[Annotator "Orech.Potoo - Modranka"]
[PlyCount "101"]
[EventDate "2004.??.??"]

1. d4 d5 2. c4 e6 3. Nf3 Nf6 4. g3 Be7 5. Bg2 O-O 6. O-O b6 7. Ne5 Bb7 8. Qa4
Nfd7 9. cxd5 exd5 10. Nc3 c6 11. Bf4 f5 12. Nd3 Nf6 13. f3 Nbd7 14. e4 Nh5 15.
Be3 Nhf6 16. Nf4 Qc8 17. e5 Ne8 18. Rfc1 Nc7 19. Rc2 Qd8 20. Rac1 g5 21. Nd3
Ne6 22. f4 a5 23. Rf2 g4 24. Qb3 Rf7 25. a4 Ndf8 26. Ne1 Rb8 27. Bf1 h5 28. Ng2
c5 29. Nb5 cxd4 30. Nxd4 Nc5 31. Qa2 h4 32. gxh4 Bxh4 33. Rfc2 Be7 34. Ne2 Nfe6
35. Rd1 Qe8 36. Nc3 d4 37. Bxd4 Qc6 38. Nb5 Nxf4 39. Nd6 Bxd6 40. exd6 Nh3+ 41.
Kh1 Qf3 42. Re1 Nd3 43. Qe6 Nhf4 44. Qh6 Qh3 45. Qg5+ Kh7 46. Re7 Rbf8 47.
Qxf5+ Kg8 48. Qg5+ Kh7 49. Bxd3+ Nxd3 50. Qf5+ Kg8 51. Qg6+ 1-0

[Event "SR 3. liga A2 2004/2005"]
[Site "?"]
[Date "2005.??.??"]
[Round "?"]
[White "Sturdik, Igor"]
[Black "Szekely, Stefan"]
[Result "1/2-1/2"]
[WhiteElo "1925"]
[BlackElo "2060"]
[Annotator "Orech.Potoo - Modranka"]
[PlyCount "67"]
[EventDate "2004.??.??"]

1. e4 d6 2. d4 Nf6 3. Nc3 g6 4. Be3 Bg7 5. Qd2 c6 6. f3 Qa5 7. Nge2 Be6 8. Nf4
Bd7 9. Bc4 b5 10. Bb3 Qc7 11. Nd3 a5 12. a3 h6 13. e5 dxe5 14. Nxe5 e6 15. O-O
Nd5 $11 16. Bxd5 cxd5 17. Nxd7 Qxd7 18. Qd3 O-O 19. Qxb5 Nc6 20. Qd3 Rab8 21.
b3 Rfd8 22. f4 Ne7 23. Na4 Rdc8 24. Rab1 Nf5 25. Nc5 Qe7 26. c3 h5 27. b4 Qa7
28. b5 Bf8 29. Na6 Rb7 30. a4 Rc4 31. Ra1 Qb6 32. Rfb1 Bg7 33. Kf2 Bf8 34. Ke2
1/2-1/2

[Event "SR 3. liga A2 2004/2005"]
[Site "?"]
[Date "2005.??.??"]
[Round "?"]
[White "Both, Lajos"]
[Black "Mackovic, Miroslav"]
[Result "1-0"]
[WhiteElo "1995"]
[BlackElo "1930"]
[Annotator "Orech.Potoo - Modranka"]
[PlyCount "81"]
[EventDate "2004.??.??"]

1. d4 Nf6 2. c4 g6 3. Nc3 Bg7 4. e4 d6 5. Be3 O-O 6. f3 Nc6 7. Bd3 e5 8. Nge2
Ng4 9. fxg4 exd4 10. Nxd4 Nxd4 11. g5 f5 12. O-O Be6 13. Qd2 Qd7 14. Nd5 Bxd5
15. exd5 Rae8 16. Rae1 b6 17. Bb1 c5 18. dxc6 Nxc6 19. b3 Ne7 20. Bd4 Bxd4+ 21.
Qxd4 Qc6 22. Re6 Nc8 23. Rfe1 Rxe6 24. Rxe6 Qc5 25. Qf2 Qxf2+ 26. Kxf2 Kf7 27.
Re3 Re8 28. Rh3 Kg7 29. Bc2 Re5 30. Rd3 b5 31. cxb5 Rxb5 32. a4 Rc5 33. Bd1 Kf8
34. b4 Rc7 35. a5 Rb7 36. Rd4 Ke7 37. Bb3 Kd8 38. Be6 Ne7 39. Rxd6+ Ke8 40. b5
Rxb5 41. Bd7+ 1-0

[Event "SR 3. liga A2 2004/2005"]
[Site "?"]
[Date "2005.??.??"]
[Round "?"]
[White "Lopatievov, Alexander"]
[Black "Varga, Alexander"]
[Result "0-1"]
[WhiteElo "1860"]
[BlackElo "1850"]
[Annotator "Orech.Potoo - Modranka"]
[PlyCount "77"]
[EventDate "2004.??.??"]

1. d4 d5 2. c4 e6 3. Nc3 Nf6 4. Bg5 Be7 5. e3 c6 6. Nf3 Ne4 7. Bxe7 Qxe7 8. Qc2
Nxc3 9. bxc3 Nd7 10. cxd5 exd5 11. Bd3 Nf6 12. O-O O-O 13. Rfe1 h6 14. e4 dxe4
15. Bxe4 Nxe4 16. Rxe4 Qd6 17. Re3 Be6 18. c4 Rae8 19. Qc3 Bf5 20. Rae1 Be6 21.
a4 Rd8 22. h3 b6 23. Re5 Rfe8 24. d5 cxd5 25. cxd5 Bd7 26. Rxe8+ Bxe8 27. Qc4
Kf8 28. Rd1 Qc5 29. Qb3 Rd6 30. Rd4 a5 31. Qd1 f6 32. Qd3 Bf7 33. Qf5 Rxd5 34.
Rxd5 Qxd5 35. Qc8+ Be8 36. Qc7 Qc6 37. Qb8 Qxa4 38. Qd6+ Kg8 39. Qxb6 {
biely padol cas} 0-1

[Event "SR 3. liga A2 2004/2005"]
[Site "?"]
[Date "2005.??.??"]
[Round "?"]
[White "Liska, Frantisek"]
[Black "Zarecky, Eduard"]
[Result "1/2-1/2"]
[WhiteElo "1995"]
[BlackElo "1920"]
[Annotator "Orech.Potoo - Modranka"]
[PlyCount "78"]
[EventDate "2004.??.??"]

1. d4 Nf6 2. Nf3 d5 3. Bf4 Bf5 4. e3 Nbd7 5. c4 e6 6. c5 a5 7. Nc3 c6 8. Bd3
Ne4 9. Bxe4 Bxe4 10. Nxe4 dxe4 11. Nd2 f5 12. Nc4 Nf6 13. Bd6 a4 14. O-O Ra6
15. Bxf8 Kxf8 16. a3 Nd5 17. Rc1 h5 18. Ne5 Rh6 19. Qe2 g5 20. f3 Nf6 21. fxe4
Nxe4 22. Rc4 Ke7 23. Rb4 Qc7 24. Qc2 Nf6 25. Rxa4 Rxa4 26. Qxa4 Ng4 27. Nxg4
hxg4 28. g3 f4 29. exf4 Rh3 30. Kg2 Qd8 31. Qc4 Qh8 32. Rh1 gxf4 33. gxf4 g3
34. Qf1 Qh4 35. Qf3 Rxh2+ 36. Rxh2 Qxh2+ 37. Kf1 Qh3+ 38. Qg2 Qg4 39. Qe4 Qh3+
1/2-1/2

[Event "SR 3. liga A2 2004/2005"]
[Site "?"]
[Date "2005.??.??"]
[Round "?"]
[White "Gajarsky, Julius"]
[Black "Szitasi, Janos"]
[Result "1/2-1/2"]
[WhiteElo "1840"]
[BlackElo "2005"]
[Annotator "Orech.Potoo - Modranka"]
[PlyCount "59"]
[EventDate "2004.??.??"]

1. Nf3 d5 2. c4 c6 3. e3 Nf6 4. Nc3 e6 5. a3 Be7 6. Qc2 O-O 7. d4 Nbd7 8. Bd3
a6 9. O-O dxc4 10. Bxc4 b5 11. Bd3 c5 12. dxc5 Nxc5 13. Be2 Bb7 14. b4 Nce4 15.
Nxe4 Bxe4 16. Qb3 Qb6 17. Bb2 Rfd8 18. Bd4 Qb7 19. Rac1 Rac8 20. Qb2 h6 21. h3
Kf8 22. Rfd1 Kg8 23. Ne1 Ne8 24. Bf3 Bf6 25. Rxc8 Rxc8 26. Bxe4 Qxe4 27. Bxf6
Nxf6 28. Rd6 Rc6 29. Qd2 Qc4 30. Rxc6 1/2-1/2

[Event "SR 3. liga A2 2004/2005"]
[Site "?"]
[Date "2005.??.??"]
[Round "?"]
[White "Horak, Ivan"]
[Black "Stetina, Erik"]
[Result "1-0"]
[WhiteElo "2180"]
[BlackElo "1835"]
[Annotator "Gbely - Trnava C"]
[PlyCount "43"]
[EventDate "2004.??.??"]

1. e4 e5 2. Nf3 Nf6 3. Nxe5 d6 4. Nf3 Nxe4 5. d4 d5 6. Bd3 Be7 7. O-O O-O 8. c4
Bg4 9. Nc3 Nxc3 10. bxc3 Nc6 11. Re1 Bf6 12. Ba3 Be7 13. Bxe7 Nxe7 14. Bxh7+
Kh8 15. Bd3 c5 16. h3 Bh5 17. Re5 Bg6 18. Bxg6 fxg6 19. Qe2 Nc6 20. Rxd5 Qf6
21. Re1 Rae8 22. Qxe8 1-0

[Event "SR 3. liga A2 2004/2005"]
[Site "?"]
[Date "2005.??.??"]
[Round "?"]
[White "Halas, Miroslav"]
[Black "Pribila, Michal"]
[Result "1-0"]
[WhiteElo "1830"]
[BlackElo "2055"]
[Annotator "Gbely - Trnava C"]
[PlyCount "119"]
[EventDate "2004.??.??"]

1. e4 c5 2. Nf3 d6 3. c4 Nc6 4. Nc3 Bg4 5. Be2 Nf6 6. O-O e6 7. d3 Be7 8. Be3
O-O 9. h3 Bh5 10. d4 cxd4 11. Nxd4 Bxe2 12. Qxe2 Rc8 13. Nf3 a6 14. Rfd1 Qc7
15. Rac1 Rfd8 16. Na4 Nd7 17. a3 Qa5 18. Nc3 Nce5 19. Nd2 Qc7 20. Na2 Bf6 21.
f4 Nc6 22. Nf3 e5 23. Nc3 Ne7 24. Nd5 Nxd5 25. Rxd5 Nb6 26. Rd2 exf4 27. Bxf4
Nxc4 28. Rdc2 b5 29. b3 Qa7+ 30. Qf2 Qxf2+ 31. Kxf2 Nb6 32. Rc6 Rxc6 33. Rxc6
Nc8 34. Rxa6 h6 35. Ra8 Kf8 36. Rb8 Bb2 37. Bxd6+ Rxd6 38. Rxc8+ Ke7 39. Rb8
Bxa3 40. Rxb5 Bb2 41. Rb7+ Ke6 42. Ke2 Bc3 43. b4 g5 44. b5 f5 45. Rh7 fxe4 46.
Rxh6+ Bf6 47. Nxg5+ Kf5 48. Nh7 Be5 49. g4+ Kf4 50. Rxd6 Bxd6 51. Nf6 Ke5 52.
Nd7+ Ke6 53. Nb6 Bc7 54. Na4 Bf4 55. b6 Kd5 56. h4 Kc6 57. g5 e3 58. Kf3 Be5
59. Kxe3 Kb5 60. g6 1-0

[Event "SR 3. liga A2 2004/2005"]
[Site "?"]
[Date "2005.??.??"]
[Round "?"]
[White "Vach, Jozef"]
[Black "Uvacek, Radovan"]
[Result "1-0"]
[WhiteElo "2035"]
[BlackElo "1735"]
[Annotator "Gbely - Trnava C"]
[PlyCount "23"]
[EventDate "2004.??.??"]

1. d4 e6 2. c4 Nf6 3. Nc3 d5 4. e3 Nc6 5. Nf3 b6 6. a3 Na5 7. cxd5 Nxd5 8. Bd2
Nxc3 9. Bxc3 Qd5 10. Bd3 Nc6 11. Qc2 g6 12. e4 1-0

[Event "SR 3. liga A2 2004/2005"]
[Site "?"]
[Date "2005.??.??"]
[Round "?"]
[White "Jancik, Ondrej"]
[Black "Pribila, Gerhard"]
[Result "0-1"]
[WhiteElo "1720"]
[BlackElo "1945"]
[Annotator "Gbely - Trnava C"]
[PlyCount "24"]
[EventDate "2004.??.??"]

1. e4 c5 2. Nf3 d6 3. d4 cxd4 4. Nxd4 Nf6 5. Nc3 g6 6. Be3 Bg7 7. f3 O-O 8. Bc4
Nc6 9. Qd2 Bd7 10. O-O-O Rc8 11. h4 Nxd4 12. Qxd4 Ng4 0-1

[Event "SR 3. liga A2 2004/2005"]
[Site "?"]
[Date "2005.??.??"]
[Round "?"]
[White "Hrusovsky, Frantisek"]
[Black "Kocak, Branislav"]
[Result "0-1"]
[WhiteElo "1620"]
[BlackElo "1660"]
[Annotator "Gbely - Trnava C"]
[PlyCount "116"]
[EventDate "2004.??.??"]

1. e4 c5 2. Nf3 d6 3. d4 cxd4 4. Nxd4 Nf6 5. Nc3 g6 6. Be3 Bg7 7. Be2 O-O 8.
Nb3 Nc6 9. O-O a6 10. a3 Be6 11. f4 b5 12. Qd2 Rc8 13. Rad1 Ng4 14. Bxg4 Bxg4
15. Rb1 Be6 16. Nd5 Bxd5 17. exd5 Nb8 18. c3 Nd7 19. Qf2 Nf6 20. Qf3 Qd7 21. h3
h5 22. Nd4 Qb7 23. Rbd1 Qxd5 24. Qxd5 Nxd5 25. Bc1 Bxd4+ 26. Rxd4 Nb6 27. Re4
e6 28. Rd1 d5 29. Red4 Rc4 30. Be3 Rxd4 31. Bxd4 Nc4 32. Rb1 Rc8 33. Kf2 Kf8
34. Ke2 Ke7 35. Kd3 f6 36. b3 e5 37. fxe5 fxe5 38. bxc4 dxc4+ 39. Ke4 exd4 40.
cxd4 Kd6 41. Ke3 Kd5 42. Rf1 Re8+ 43. Kd2 Kxd4 44. Rf4+ Re4 45. Rf6 c3+ 46. Kd1
Kd3 47. Rd6+ Kc4 48. Rxa6 Kb3 49. Rc6 c2+ 50. Rxc2 Re1+ 51. Kd2 Re2+ 52. Kxe2
Kxc2 53. Ke3 Kb3 54. Kd3 Kxa3 55. Kc2 h4 56. Kb1 Kb3 57. Kc1 b4 58. Kb1 Kc3 0-1

[Event "SR 3. liga A2 2004/2005"]
[Site "?"]
[Date "2005.??.??"]
[Round "?"]
[White "Papanek, Lubomir"]
[Black "Klanica, Anton"]
[Result "1/2-1/2"]
[WhiteElo "1655"]
[BlackElo "1910"]
[Annotator "Gbely - Trnava C"]
[PlyCount "85"]
[EventDate "2004.??.??"]

1. e4 e6 2. d4 d5 3. Nd2 Nf6 4. e5 Nfd7 5. Ne2 c5 6. Nf3 Nc6 7. c3 Qb6 8. b3
cxd4 9. cxd4 Bb4+ 10. Bd2 Bxd2+ 11. Qxd2 Qb4 12. Qc3 Nb6 13. a3 Qxc3+ 14. Nxc3
a6 15. Bd3 Bd7 16. O-O Rc8 17. Ne2 Ke7 18. Rac1 h6 19. Nd2 Na7 20. a4 Rxc1 21.
Rxc1 Rc8 22. f4 Rxc1+ 23. Nxc1 Nc6 24. Nf3 Nb4 25. Bb1 Nc8 26. g4 Na7 27. h4 b5
28. Nd3 Nxd3 29. Bxd3 bxa4 30. bxa4 Bxa4 31. Bxa6 Bd1 32. Kf2 Bxf3 33. Kxf3 Nc6
34. Ke3 f6 35. Bd3 g5 36. fxg5 fxg5 37. h5 Kd8 38. Bb5 Na7 39. Ba4 Kc7 40. Kd3
Nc8 41. Kc3 Nb6 42. Bb5 Na8 43. Kb4 1/2-1/2

[Event "SR 3. liga A2 2004/2005"]
[Site "?"]
[Date "2005.??.??"]
[Round "?"]
[White "Sulek, Viliam"]
[Black "Blatnicky, Miroslav"]
[Result "1/2-1/2"]
[WhiteElo "2160"]
[BlackElo "2010"]
[Annotator "Gabeikovo - Vrbove"]
[PlyCount "86"]
[EventDate "2004.??.??"]

1. e4 e6 2. d4 d5 3. Nd2 dxe4 4. Nxe4 Nd7 5. g3 Ngf6 6. Nxf6+ Nxf6 7. Bg2 c5 8.
Be3 Qb6 9. Ne2 Bd7 10. O-O Bc6 11. Bxc6+ Qxc6 12. c3 Rd8 13. Qb3 c4 14. Qc2 h5
15. Bg5 Be7 16. Bxf6 Bxf6 17. Nf4 h4 18. d5 exd5 19. Rae1+ Kf8 20. Qf5 Qd7 21.
Qxd7 Rxd7 22. Rd1 d4 23. cxd4 g5 24. Ne2 Kg7 25. f4 Rhd8 26. fxg5 Bxg5 27. Rf3
Bf6 28. Rdf1 Re8 29. R1f2 Bg5 30. Kg2 Rde7 31. Nf4 Bxf4 32. Rxf4 hxg3 33. hxg3
Rd8 34. Rg4+ Kf8 35. Rc2 b5 36. a4 Red7 37. axb5 Rxd4 38. Rxd4 Rxd4 39. Kf2 Kg7
40. Ke3 Rd3+ 41. Kf4 Rb3 42. Rxc4 Rxb5 43. b4 a5 1/2-1/2

[Event "SR 3. liga A2 2004/2005"]
[Site "?"]
[Date "2005.??.??"]
[Round "?"]
[White "Krchnak, Rudolf"]
[Black "Janko, Ladislav"]
[Result "0-1"]
[WhiteElo "1790"]
[BlackElo "2200"]
[Annotator "Gabeikovo - Vrbove"]
[PlyCount "88"]
[EventDate "2004.??.??"]

1. d4 c5 2. dxc5 Nc6 3. Nf3 Nf6 4. Nc3 e6 5. e3 Bxc5 6. Be2 d5 7. O-O O-O 8. a3
Bd7 9. b4 Be7 10. Bb2 Rc8 11. Rc1 a6 12. b5 axb5 13. Nxb5 Na5 14. Nbd4 Ba4 15.
Nb3 Nc4 16. Bxc4 dxc4 17. Qxd8 Rfxd8 18. Nbd4 c3 19. Ba1 Bxa3 20. Rb1 Rc7 21.
Nb5 Bxb5 22. Rxb5 Ne4 23. Rb3 Be7 24. Re1 Nd2 25. Rb5 Nxf3+ 26. gxf3 Rd2 27.
Reb1 Rxc2 28. Rxb7 Rxb7 29. Rxb7 Rc1+ 30. Kg2 Bf8 31. Rc7 Rxa1 32. Rxc3 g5 33.
h3 Kg7 34. Rb3 Ra2 35. Rd3 h5 36. Rb3 h4 37. Rd3 Kf6 38. Rb3 Bd6 39. Rb1 Bg3
40. Rf1 Ke7 41. Kg1 Be5 42. Kg2 Ra1 43. Rxa1 Bxa1 44. Kf1 Kd6 0-1

[Event "SR 3. liga A2 2004/2005"]
[Site "?"]
[Date "2005.??.??"]
[Round "?"]
[White "Petenyi, Tamas"]
[Black "Feranec, Milan"]
[Result "1-0"]
[WhiteElo "2035"]
[BlackElo "1960"]
[Annotator "Gabeikovo - Vrbove"]
[PlyCount "99"]
[EventDate "2004.??.??"]

1. e4 c5 2. Nf3 Nc6 3. d4 cxd4 4. Nxd4 e6 5. Nb5 d6 6. c4 a6 7. N5c3 Be7 8. Be2
Nf6 9. O-O O-O 10. Be3 Nd7 11. f4 b6 12. Qe1 Bb7 13. Qg3 Nb4 14. Rc1 Bh4 15.
Qh3 Nc5 16. a3 Nc6 17. Nd2 Be7 18. b4 Nd7 19. Nf3 Rc8 20. Rd1 Qc7 21. Rac1 Rfe8
22. Nd5 Qd8 23. Nxe7+ Qxe7 24. Rd2 Nf8 25. Bxb6 f6 26. Rcd1 Nb8 27. Rxd6 Bxe4
28. Bc5 Rxc5 29. bxc5 Qc7 30. Kh1 Qxc5 31. Rd8 Qe7 32. Rxe8 Qxe8 33. Nd2 Bf5
34. Qe3 Qg6 35. Nf3 Qf7 36. Nd4 Bg6 37. Bg4 f5 38. Be2 h6 39. Nf3 Nbd7 40. Ne5
Nxe5 41. Qxe5 Kh7 42. c5 Nd7 43. Qc7 Nf6 44. Qxf7 Bxf7 45. c6 Ne8 46. Rd7 Bg6
47. c7 Nxc7 48. Rxc7 Be8 49. Bxa6 Ba4 50. Bc4 1-0

[Event "SR 3. liga A2 2004/2005"]
[Site "?"]
[Date "2005.??.??"]
[Round "?"]
[White "Smrek, Peter"]
[Black "Puobis, Jozef"]
[Result "1/2-1/2"]
[WhiteElo "1700"]
[BlackElo "2060"]
[Annotator "Gabcikovo - Vrbove"]
[PlyCount "87"]
[EventDate "2004.??.??"]

1. c4 Nf6 2. Nc3 d5 3. d4 e6 4. Bg5 Nbd7 5. cxd5 exd5 6. Nf3 c6 7. e3 Qa5 8.
Qd2 Bb4 9. Bd3 Ne4 10. Bxe4 dxe4 11. Ne5 O-O 12. Nxd7 Bxd7 13. Bf4 Rfe8 14. O-O
Bg4 15. a3 Bxc3 16. Qxc3 Qh5 17. Rfc1 Re6 18. Qb4 b6 19. Rc2 Bd1 20. Rd2 Be2
21. Rc1 Bd3 22. Qa4 Bb5 23. Qd1 Qd5 24. Rdc2 Ba4 25. b4 Rae8 26. Qe2 Bxc2 27.
Qxc2 h5 28. h4 Rg6 29. a4 Qf5 30. f3 Qh3 31. fxe4 Rg4 32. e5 Qxh4 33. Qxc6 Qe7
34. d5 g5 35. d6 Qd8 36. Bh2 Kg7 37. Qb7 Qa8 38. Rc7 Qxb7 39. Rxb7 Rxb4 40. Re7
Rb1+ 41. Kf2 Kf8 42. Rxa7 Rb2+ 43. Kf1 Rb1+ 44. Kf2 1/2-1/2

[Event "SR 3. liga A2 2004/2005"]
[Site "?"]
[Date "2005.??.??"]
[Round "?"]
[White "Kosar, Mikulas ml"]
[Black "Lajda, Dusan"]
[Result "1-0"]
[WhiteElo "2005"]
[BlackElo "1750"]
[Annotator "Gabcikovo - Vrbove"]
[PlyCount "71"]
[EventDate "2004.??.??"]

1. e4 c5 2. Nf3 Nc6 3. Bb5 a6 4. Bxc6 bxc6 5. e5 g6 6. O-O Bg7 7. Na3 f6 8. Nc4
fxe5 9. Nfxe5 Qc7 10. f4 d6 11. Ng4 Nf6 12. Nxf6+ Bxf6 13. Qe2 O-O 14. c3 a5
15. d3 a4 16. Bd2 Rb8 17. Rab1 Bd7 18. Kh1 d5 19. Ne5 Bxe5 20. fxe5 Rxf1+ 21.
Rxf1 Be6 22. Bh6 c4 23. Qf2 Qd8 24. d4 Rc8 25. h4 Qe8 26. Qe3 Qd7 27. Qf4 Qe8
28. Qg5 Qd7 29. h5 Bf7 30. hxg6 hxg6 31. g4 Qe6 32. Rf3 Rb8 33. Rh3 Be8 34. Bg7
Kxg7 35. Qh6+ Kf7 36. Rf3+ 1-0

[Event "SR 3. liga A2 2004/2005"]
[Site "?"]
[Date "2005.??.??"]
[Round "?"]
[White "Mikudik, Ivan"]
[Black "Kosar, Mikulas st"]
[Result "1-0"]
[WhiteElo "1650"]
[BlackElo "2075"]
[Annotator "Gabcikovo - Vrbove"]
[PlyCount "103"]
[EventDate "2004.??.??"]

1. d4 d5 2. c4 e6 3. Nc3 Nf6 4. Bg5 Be7 5. Nf3 Nc6 6. e3 h6 7. Bh4 O-O 8. Bd3
Nh7 9. Bg3 f5 10. O-O Bd6 11. Bxd6 Qxd6 12. cxd5 exd5 13. Rc1 a6 14. Bb1 Nf6
15. a3 Be6 16. Na4 Nd7 17. Nd2 Ne7 18. f4 c6 19. Nf3 b5 20. Nc5 Nxc5 21. Rxc5
Ng6 22. Ne5 Nxe5 23. fxe5 Qd7 24. Qc2 Rac8 25. Rc1 g6 26. Rxc6 Rxc6 27. Qxc6
Qxc6 28. Rxc6 Rc8 29. Rxe6 Rc1+ 30. Kf2 Rxb1 31. b4 Kf7 32. Rxa6 h5 33. Rb6 g5
34. Rxb5 h4 35. Rc5 g4 36. Rc2 Rb3 37. Ra2 Ke6 38. a4 Rxb4 39. a5 Rb7 40. a6
Ra7 41. g3 h3 42. Ke2 Kd7 43. Kd3 Kc6 44. Kc3 Kb5 45. Kb3 Kb6 46. Kb4 Kc7 47.
Kc5 Kb8 48. Kxd5 Ka8 49. Ke6 Rc7 50. d5 Rc1 51. d6 f4 52. exf4 1-0

[Event "SR 3. liga A2 2004/2005"]
[Site "?"]
[Date "2005.??.??"]
[Round "?"]
[White "Lahucky, Pavol"]
[Black "Ivan, Imrich ml"]
[Result "1-0"]
[WhiteElo "2085"]
[BlackElo "2020"]
[Annotator "Hlohovec jun.- Velky Meder"]
[PlyCount "73"]
[EventDate "2004.??.??"]

1. c4 c5 2. Nc3 Nc6 3. e4 g6 4. d3 Bg7 5. Be2 d6 6. h4 h5 7. Nf3 Bg4 8. Be3 e6
9. Qd2 a6 10. Ng5 Bxe2 11. Nxe2 Nf6 12. f3 Nd7 13. O-O Nde5 14. Rad1 O-O 15. b3
Qe7 16. d4 cxd4 17. Nxd4 Rfd8 18. Nxc6 Nxc6 19. f4 f6 20. Nf3 Bh6 21. g3 Bg7
22. Bb6 Rd7 23. Rfe1 Kh7 24. Kg2 Rg8 25. e5 fxe5 26. fxe5 Bh6 27. exd6 Qf7 28.
Be3 Rf8 29. Rf1 Bxe3 30. Qxe3 Qe8 31. Ng5+ Kg8 32. Rxf8+ Kxf8 33. Nxe6+ Kg8 34.
Qe4 Nd8 35. Nc5 Qxe4+ 36. Nxe4 Kf7 37. Nc5 1-0

[Event "SR 3. liga A2 2004/2005"]
[Site "?"]
[Date "2005.??.??"]
[Round "?"]
[White "Csefalvay, Stefan"]
[Black "Gajarsky, Roman"]
[Result "0-1"]
[WhiteElo "1905"]
[BlackElo "2025"]
[Annotator "Hlohovec jun.- Velky Meder"]
[PlyCount "131"]
[EventDate "2004.??.??"]

1. Nf3 Nf6 2. d4 d5 3. c4 dxc4 4. Nc3 c5 5. Qa4+ Nc6 6. dxc5 Nd5 7. Nxd5 Qxd5
8. Be3 Bd7 9. Qc2 Bf5 10. Rd1 Qxf3 11. gxf3 Bxc2 12. Rc1 Bf5 13. Rxc4 g6 14. a3
Bg7 15. Bc1 a5 16. Bg2 O-O 17. f4 Rab8 18. O-O Nd4 19. Re1 b5 20. cxb6 Rxb6 21.
e4 Be6 22. Rc7 Rc6 23. Rxc6 Nxc6 24. e5 Nd4 25. b4 axb4 26. a4 Nb3 27. Be3 Bd7
28. Bd5 Bxa4 29. Rb1 Na5 30. Ra1 Bc6 31. Rxa5 Bxd5 32. Rxd5 Rb8 33. Ba7 Rb7 34.
Rd8+ Bf8 35. Bd4 Kg7 36. Kf1 e6 37. Ke2 Be7 38. Rc8 g5 39. fxg5 Bxg5 40. Bb2
Kg6 41. Rc4 b3 42. h3 h5 43. f4 Be7 44. Kf3 Ra7 45. Rc1 Kf5 46. Rg1 Rd7 47. Rg7
Rd3+ 48. Ke2 Ke4 49. Rxf7 Rxh3 50. Rxe7 Rh2+ 51. Kd1 Rxb2 52. Rxe6 Kxf4 53. Rh6
Rh2 54. Rb6 Rh3 55. e6 Re3 56. Rb4+ Kg3 57. Rb5 h4 58. Rg5+ Kf4 59. Rb5 Kg3 60.
e7 Rxe7 61. Rxb3+ Kg2 62. Rb2+ Kg1 63. Rb4 Rd7+ 64. Kc2 h3 65. Rh4 Kg2 66. Rg4+
0-1

[Event "SR 3. liga A2 2004/2005"]
[Site "?"]
[Date "2005.??.??"]
[Round "?"]
[White "Slamena, Michal"]
[Black "Vizvari, Ludovit"]
[Result "1-0"]
[WhiteElo "2085"]
[BlackElo "1790"]
[Annotator "Hlohovec jun.- Velky Meder"]
[PlyCount "61"]
[EventDate "2004.??.??"]

1. e4 c5 2. Nf3 e6 3. b3 Nc6 4. Bb2 d6 5. d4 cxd4 6. Nxd4 a6 7. a4 Qc7 8. Bc4
Nf6 9. Nc3 Be7 10. O-O Bd7 11. Qd2 Nxd4 12. Qxd4 Bc6 13. Kh1 Rd8 14. Qe3 h5 15.
Qg3 Rg8 16. h4 Bxe4 17. Nxe4 Nxe4 18. Qf4 Bf6 19. Bxf6 Nxf6 20. Rfe1 Rd7 21.
Bd3 d5 22. Qg5 Ng4 23. f4 Nf2+ 24. Kg1 Qc5 25. Kh2 g6 26. Bf5 Re7 27. Bh3 Nxh3
28. Kxh3 Qxc2 29. Rec1 Qd3+ 30. Kh2 Kd7 31. Qe5 1-0